000 00559njm a2200181 i 4500
001 C2-0218395
003 PPAK
005 20180729152143.0
008 990728s1993 my |||| ||||| | may d
040 _aPPAK
_beng
_cPPAK
_erda
245 0 0 _aCeramah galakan membaca
264 1 _aAlor Setar, Kedah :
_bPerbadanan Perpustakaan Awam Kedah ,
_c1993
336 _2rdacontent
_atext
337 _2rdamedia
_aunmediated
338 _2rdacarrier
_avolume
500 _aDirakam pada 14/9/93 ; Temubual dengan Puan Rohani Rustam ; Tiada transkripsi
942 _ddc
_cB
999 _c163194
_d163194